Los forajidos de la frontera / (Record no. 168560)

MARC details
000 -LEADER
campo de control de longitud fija 00689nam a22002055i 4500
001 - NÚMERO DE CONTROL
campo de control 168560
003 - IDENTIFICADOR DE NÚMERO DE CONTROL
campo de control ES-MaACL
005 - FECHA Y HORA DE LA ÚLTIMA TRANSACCIÓN
campo de control 20250801153128.0
008 - DATOS DE LONGITUD FIJA--INFORMACIÓN GENERAL
campo de control de longitud fija 080421s1952 sp |||| | spa d
100 0# - ENTRADA PRINCIPAL--NOMBRE DE PERSONA
Nombre de persona Raine, William Macleod.
9 (RLIN) 95034
245 14 - MENCIÓN DEL TÍTULO
Título Los forajidos de la frontera /
Mención de responsabilidad, etc. William Macleod Raine ; [versión española de Carlos Sánchez Alterhoff].
250 ## - MENCION DE EDICION
Mención de edición [1ª ed.].
260 ## - PUBLICACIÓN, DISTRIBUCIÓN, ETC.
Lugar de publicación, distribución, etc. Barcelona :
Nombre del editor, distribuidor, etc. Caralt,
Fecha de publicación, distribución, etc. [1952]
300 ## - DESCRIPCIÓN FÍSICA
Extensión 236 p. ;
Dimensiones 21 cm.
490 1# - MENCIÓN DE SERIE
Mención de serie El amor y la aventura
700 1# - ENTRADA AGREGADA--NOMBRE PERSONAL
Nombre de persona Sánchez Alterhoff, Carlos.
9 (RLIN) 137647
830 00 - PUNTO DE ACCESO ADICIONAL DE SERIE-TÍTULO UNIFORME
Título uniforme Colección El amor y la aventura
9 (RLIN) 181308
852 ## - LOCALIZACIÓN
Ubicación ES-MaACL
Número de control de estantería D-8611
itemnumber R.33358
Holdings
Estatus retirado Estado de pérdida Estado de daño No para préstamo Biblioteca de origen Biblioteca actual Ubicación en estantería Fecha de adquisición Fuente de adquisición Total de préstamos Signatura topográfica completa Código de barras Visto por última vez Precio de reemplazo Tipo de ítem Koha
        Biblioteca del Ateneo de Madrid Biblioteca del Ateneo de Madrid Sala Valle Inclán 21/04/2008     D-8611 901176886 23/02/2023 23/02/2023 Libro impreso